Traité de l'artério-sclérose / (Record no. 85127)
[ view plain ]
| 000 -LEADER | |
|---|---|
| campo de control de longitud fija | 00480nam a2200169 i 4500 |
| 001 - NÚMERO DE CONTROL | |
| campo de control | 85127 |
| 003 - IDENTIFICADOR DE NÚMERO DE CONTROL | |
| campo de control | ES-MaACL |
| 005 - FECHA Y HORA DE LA ÚLTIMA TRANSACCIÓN | |
| campo de control | 20230906175203.0 |
| 007 - CAMPO FIJO DE DESCRIPCIÓN FÍSICA--INFORMACIÓN GENERAL | |
| campo de control de longitud fija | t| |
| 008 - DATOS DE LONGITUD FIJA--INFORMACIÓN GENERAL | |
| campo de control de longitud fija | 041125s1909 fr ||||1| fre d |
| 100 1# - ENTRADA PRINCIPAL--NOMBRE DE PERSONA | |
| Nombre de persona | Josué, O. |
| 9 (RLIN) | 67007 |
| 245 10 - MENCIÓN DEL TÍTULO | |
| Título | Traité de l'artério-sclérose / |
| Mención de responsabilidad, etc. | par O. Josué ; preface de M. Roger. |
| 260 ## - PUBLICACIÓN, DISTRIBUCIÓN, ETC. | |
| Lugar de publicación, distribución, etc. | Paris : |
| Nombre del editor, distribuidor, etc. | [s.n.], |
| Fecha de publicación, distribución, etc. | 1909 ( |
| Lugar de fabricación/manufactura | Tours : |
| Fabricante | Mame) |
| 300 ## - DESCRIPCIÓN FÍSICA | |
| Extensión | XII, 404 p. ; |
| Dimensiones | 21 cm. |
| 700 1# - ENTRADA AGREGADA--NOMBRE PERSONAL | |
| Nombre de persona | Roger, M. |
| 9 (RLIN) | 98932 |
| 852 ## - LOCALIZACIÓN | |
| Ubicación | ES-MaACL |
| Número de control de estantería | B-11772 |
| Estatus retirado | Estado de pérdida | Estado de daño | No para préstamo | Biblioteca de origen | Biblioteca actual | Ubicación en estantería | Fecha de adquisición | Fuente de adquisición | Total de préstamos | Signatura topográfica completa | Código de barras | Visto por última vez | Precio de reemplazo | Tipo de ítem Koha |
|---|---|---|---|---|---|---|---|---|---|---|---|---|---|---|
| Biblioteca del Ateneo de Madrid | Biblioteca del Ateneo de Madrid | Sala Pardo Bazán | 17/01/2008 | B-11772 | 1088963 | 23/02/2023 | 23/02/2023 | Libro impreso |
